On common ground (Record no. 84805)

MARC details
000 -LEADER
fixed length control field 00958cad a22002415a 4500
001 - CONTROL NUMBER
control field L159110
008 - FIXED-LENGTH DATA ELEMENTS--GENERAL INFORMATION
fixed length control field 150416s2016 xxk f 000 0 eng d
035 ## - SYSTEM CONTROL NUMBER
System control number (Sirsi) u159110
041 0# - LANGUAGE CODE
Language code of text/sound track or separate title eng
050 04 - LIBRARY OF CONGRESS CALL NUMBER
Classification number 692.3 $2 18
100 1# - MAIN ENTRY--PERSONAL NAME
Personal name Pugh, T.
240 ## - UNIFORM TITLE
Uniform title IPMS
245 00 - TITLE STATEMENT
Title On common ground
Medium [electronic resource]
260 ## - PUBLICATION, DISTRIBUTION, ETC.
Place of publication, distribution, etc. London
Name of publisher, distributor, etc. RICS
Date of publication, distribution, etc. 2016
490 #0 - SERIES STATEMENT
Series statement RICS Building Control
Volume/sequential designation February - March 2016, 5(1)
520 ## - SUMMARY, ETC.
Summary, etc. Explains why the International Property Measurement Standards (IPMS) will bring confidence to the market. Outlines the differences between the RICS Code of measuring practice and IPMS.
650 24 - SUBJECT ADDED ENTRY--TOPICAL TERM
Topical term or geographic name entry element RICS CODE OF MEASURING PRACTICE
650 24 - SUBJECT ADDED ENTRY--TOPICAL TERM
Topical term or geographic name entry element International Property Measurement Standards
651 #4 - SUBJECT ADDED ENTRY--GEOGRAPHIC NAME
Geographic name International
690 ## - LOCAL SUBJECT ADDED ENTRY--TOPICAL TERM (OCLC, RLIN)
Topical term or geographic name as entry element Measurement
9 (RLIN) 6256
856 41 - ELECTRONIC LOCATION AND ACCESS
Uniform Resource Identifier <a href="https://www.rics.org/Global/Building_Control_Journal_February_March_2016.pdf">https://www.rics.org/Global/Building_Control_Journal_February_March_2016.pdf</a>
Public note View the article free of charge at www.rics.org/journals...
942 ## - ADDED ENTRY ELEMENTS (KOHA)
Suppress in OPAC 0
Holdings
Withdrawn status Lost status Source of classification or shelving scheme Damaged status Not for loan Home library Current library Shelving location Date acquired Total Checkouts Full call number Barcode Date last seen Copy number Price effective from Koha item type
    Dewey Decimal Classification     London London Journal article 29/01/2016   L159110 159110-1001 06/08/2019 1 06/08/2019 Journal article